UK Open-Access Train Operators - Statistics

General Stats
  • This quiz has been taken 39 times
  • The average score is 3 of 5
Answer Stats
Answer % Correct
Lumo
94%
Grand Central
87%
Hull Trains
84%
Eurostar
26%
Heathrow Express
26%
No matching quizzes found
Score Distribution
Percent of People with Each Score
Percentile by Number Answered
Your Score History
You have not taken this quiz